000 01993nam a2200493 c 4500
999 _c192462
_d192462
003 BLK
005 20231222121344.0
008 180411b bul|||||r ||||||| ||bul||
010 _aKNG00201657000
020 _a978-954-733-897-5
040 _aBLK
041 _aBUL
_cBUL
072 7 _2bullib
_aН92
_xИстория Н
080 _aИстория на Втората световна война (1939-1945)
_b940.53
_x(430)(093.3)
_z940.53(430)(093.3)
080 _aИстория на Германия
_b94(430)
_x(093.3)
_z94(430)(093.3)
080 _aВтора световна война
_b355.48(100)"1939/1945"
_x(430)(093.3)
_z355.48(100)"1939/1945"(430)(093.3)
100 1 _aМайер, Курт
_eпърви автор
_9345888
139 _aМайер, Курт
_bМ 16
245 1 0 _aГренадирите от СС в бой
_cКурт Майер; прев. Марин Иванов Гинев.
257 _aDEU
260 _bПрозорец
_c2017
300 _a360 с.
_c21 см
380 _a9
490 1 _aПоредица Хроника
500 _aОриг. загл. Panzermeyer: Grenadiere / Kurt Meyer.
650 4 _aВтора световна война - участие на Германия
_9282728
650 4 _aВоенна история - Германия
_9300152
650 4 _aГермания - военна история
_9250574
650 4 _aВтора световна война - спомени
_9243237
651 4 _aГермания
_9178754
653 _aВтора световна война
653 _aСС
653 _aвоенна история
653 _aспомени
659 _aН
700 _aГинев, Марин Иванов
_d1954
_9383183
852 _aЦб 290091
856 4 _qpdf
856 4 _qpdf
942 _cKNG
_n0
_012
944 _aCR
_c22.02.2017
_lЦветелина Шанова
_k30531
944 _aED
_c06.03.2017
_lф /
_kЛюдмила_Стоянова
999 _d192462